[Event "8th Arber Open"]
[Site "chess24.com"]
[Date "2019.08.01"]
[Round "6"]
[White "Kneutgen, Alexander"]
[Black "Merkl, Michael"]
[Result "1-0"]
[Board "36"]
[WhiteElo "1920"]
[WhiteTeam "SG Niederkassel"]
[WhiteCountry "GER"]
[WhiteFideId "4637364"]
[WhiteEloChange "2"]
[BlackElo "1548"]
[BlackTeam "TSV Koesching"]
[BlackCountry "GER"]
[BlackFideId "16245873"]
[BlackEloChange "-2"]

1. Nf3 {[%clk 1:30:30]} Nf6 {[%clk 1:30:30]} 2. g3 {[%clk 1:30:30]} g6 {[%clk
1:30:30]} 3. Bg2 {[%clk 1:30:30]} Bg7 {[%clk 1:30:30]} 4. O-O {[%clk 1:30:30]}
O-O {[%clk 1:30:30]} 5. c4 {[%clk 1:30:30]} c5 {[%clk 1:30:30]} 6. Nc3 {[%clk
1:30:30]} d6 {[%clk 1:30:30]} 7. d3 {[%clk 1:30:30]} Nc6 {[%clk 1:30:30]} 8. Rb1
{[%clk 1:30:30]} e5 {[%clk 1:30:30]} 9. a3 {[%clk 1:30:30]} Nd4 {[%clk 1:30:30]}
10. Nxd4 {[%clk 1:30:30]} exd4 {[%clk 1:30:30]} 11. Nd5 {[%clk 1:30:30]} Nxd5
{[%clk 1:30:30]} 12. Bxd5 {[%clk 1:30:30]} Qe7 {[%clk 1:30:30]} 13. b4 {[%clk
1:30:30]} Rb8 {[%clk 1:30:30]} 14. Re1 {[%clk 1:30:30]} Be6 {[%clk 1:30:30]} 15.
Bf3 {[%clk 1:30:30]} Qd7 {[%clk 1:30:30]} 16. bxc5 {[%clk 1:30:30]} dxc5 {[%clk
1:30:30]} 17. Bf4 {[%clk 1:30:30]} 1-0

[Event "8th Arber Open"]
[Site "chess24.com"]
[Date "2019.08.02"]
[Round "7"]
[White "Mirzoev, Emil"]
[Black "Milov, Leonid"]
[Result "1/2-1/2"]
[Board "1"]
[WhiteElo "2493"]
[WhiteTitle "IM"]
[WhiteCountry "UKR"]
[WhiteFideId "14108640"]
[BlackElo "2472"]
[BlackTitle "GM"]
[BlackCountry "GER"]
[BlackFideId "14101068"]

1. d4 {[%clk 1:30:58]} d5 {[%clk 1:27:33]} 2. Nf3 {[%clk 1:31:02]} Nf6 {[%clk
1:27:31]} 3. c4 {[%clk 1:29:11]} c6 {[%clk 1:27:02]} 4. e3 {[%clk 1:28:27]} Bf5
{[%clk 1:26:48]} 5. Nc3 {[%clk 1:28:28]} e6 {[%clk 1:27:04]} 6. Qb3 {[%clk
1:27:22]} Qc7 {[%clk 1:25:24]} 7. Nh4 {[%clk 1:27:17]} Bg6 {[%clk 1:24:34]} 8. h3
{[%clk 1:27:16]} Nbd7 {[%clk 1:24:45]} 9. Be2 {[%clk 1:27:00]} Nb6 {[%clk
1:19:27]} 10. cxd5 {[%clk 1:26:46]} exd5 {[%clk 1:19:51]} 11. Nxg6 {[%clk
1:27:10]} hxg6 {[%clk 1:19:57]} 12. Bd2 {[%clk 1:27:33]} Be7 {[%clk 1:17:04]} 13.
Rc1 {[%clk 1:27:26]} a5 {[%clk 1:00:58]} 14. Qc2 {[%clk 1:24:37]} Qd7 {[%clk
0:59:58]} 15. Qb3 {[%clk 1:23:48]} a4 {[%clk 0:57:57]} 16. Qxb6 {[%clk 1:24:07]}
Bd8 {[%clk 0:57:57]} 17. Qb4 {[%clk 1:24:27]} 1/2-1/2

[Event "8th Arber Open"]
[Site "chess24.com"]
[Date "2019.08.02"]
[Round "7"]
[White "Poetz, Florian"]
[Black "Delchev, Aleksander"]
[Result "1/2-1/2"]
[Board "2"]
[WhiteElo "2389"]
[WhiteTitle "IM"]
[WhiteCountry "AUT"]
[WhiteFideId "1618741"]
[WhiteEloChange "5"]
[BlackElo "2571"]
[BlackTitle "GM"]
[BlackCountry "BUL"]
[BlackFideId "2900394"]
[BlackEloChange "-2"]

1. e4 {[%clk 1:30:57]} c6 {[%clk 1:25:32]} 2. d4 {[%clk 1:31:04]} d5 {[%clk
1:25:57]} 3. e5 {[%clk 1:29:41]} c5 {[%clk 1:26:21]} 4. dxc5 {[%clk 1:30:06]} e6
{[%clk 1:26:47]} 5. Nf3 {[%clk 1:28:17]} Bxc5 {[%clk 1:27:11]} 6. Bd3 {[%clk
1:28:41]} Nc6 {[%clk 1:19:51]} 7. O-O {[%clk 1:28:50]} f6 {[%clk 1:20:19]} 8.
exf6 {[%clk 1:26:37]} Nxf6 {[%clk 1:20:42]} 9. c4 {[%clk 1:23:47]} O-O {[%clk
1:20:55]} 10. Nc3 {[%clk 1:22:22]} h6 {[%clk 1:16:50]} 11. a3 {[%clk 1:19:51]} a6
{[%clk 1:16:37]} 12. b4 {[%clk 1:09:59]} Ba7 {[%clk 1:09:18]} 13. Bb2 {[%clk
1:08:06]} Qc7 {[%clk 1:05:02]} 14. Rc1 {[%clk 0:43:55]} Ng4 {[%clk 0:54:33]} 15.
g3 {[%clk 0:36:45]} Qf7 {[%clk 0:33:59]} 16. Be2 {[%clk 0:32:07]} Rd8 {[%clk
0:22:59]} 17. cxd5 {[%clk 0:28:38]} exd5 {[%clk 0:23:15]} 18. Na4 {[%clk
0:27:09]} Nf6 {[%clk 0:20:10]} 19. Nc5 {[%clk 0:21:59]} Bh3 {[%clk 0:19:56]} 20.
Re1 {[%clk 0:22:11]} Ne4 {[%clk 0:18:51]} 21. Qd3 {[%clk 0:18:25]} Bxc5 {[%clk
0:14:27]} 22. bxc5 {[%clk 0:18:49]} Rf8 {[%clk 0:14:49]} 23. Bd4 {[%clk 0:16:36]}
Bg4 {[%clk 0:13:22]} 24. Nh4 {[%clk 0:14:23]} Nxf2 {[%clk 0:11:54]} 25. Bxf2
{[%clk 0:14:28]} Qxf2+ {[%clk 0:12:19]} 26. Kh1 {[%clk 0:14:54]} Rae8 {[%clk
0:08:05]} 27. Qxd5+ {[%clk 0:14:29]} Be6 {[%clk 0:08:31]} 28. Qg2 {[%clk
0:12:00]} Qxg2+ {[%clk 0:05:52]} 29. Nxg2 {[%clk 0:08:56]} Bd5 {[%clk 0:06:07]}
30. Kg1 {[%clk 0:09:10]} Nd4 {[%clk 0:05:51]} 31. Bh5 {[%clk 0:07:24]} Nf3+
{[%clk 0:05:02]} 32. Bxf3 {[%clk 0:07:32]} Bxf3 {[%clk 0:05:28]} 33. Rxe8 {[%clk
0:04:42]} Rxe8 {[%clk 0:05:55]} 34. Kf2 {[%clk 0:04:57]} Bc6 {[%clk 0:04:54]} 35.
Ne3 {[%clk 0:02:57]} Rf8+ {[%clk 0:04:07]} 36. Ke1 {[%clk 0:03:21]} Rf3 {[%clk
0:04:13]} 37. Ke2 {[%clk 0:03:32]} Rf6 {[%clk 0:03:15]} 38. Nc4 {[%clk 0:03:33]}
Rf5 {[%clk 0:03:05]} 39. Nd6 {[%clk 0:03:02]} Rf3 {[%clk 0:03:04]} 40. Nxb7
{[%clk 0:01:34]} Bxb7 {[%clk 0:02:58]} 41. c6 {[%clk 0:01:59]} Bxc6 {[%clk
0:03:26]} 42. Rxc6 {[%clk 0:02:23]} Rxa3 {[%clk 0:03:54]} 43. Kf2 {[%clk
0:30:57]} Ra2+ {[%clk 0:33:39]} 44. Kf3 {[%clk 0:31:15]} a5 {[%clk 0:33:42]} 45.
Ra6 {[%clk 0:30:36]} Kf7 {[%clk 0:34:09]} 46. h4 {[%clk 0:29:48]} a4 {[%clk
0:34:34]} 47. Ra7+ {[%clk 0:27:41]} Kf6 {[%clk 0:35:00]} 48. Ra6+ {[%clk
0:28:01]} Kf5 {[%clk 0:33:28]} 49. Ra5+ {[%clk 0:27:55]} Ke6 {[%clk 0:33:53]} 50.
Ra7 {[%clk 0:28:07]} Kf6 {[%clk 0:29:32]} 51. Ra6+ {[%clk 0:28:14]} 1/2-1/2

[Event "8th Arber Open"]
[Site "chess24.com"]
[Date "2019.08.02"]
[Round "7"]
[White "Pohl-Kuemmel, Jens-Uwe"]
[Black "Kottmair, Toni"]
[Result "0-1"]
[Board "10"]
[WhiteElo "2288"]
[WhiteTitle "FM"]
[WhiteCountry "GER"]
[WhiteFideId "4606639"]
[WhiteEloChange "-15"]
[BlackElo "2086"]
[BlackCountry "GER"]
[BlackFideId "4630033"]
[BlackEloChange "15"]

1. d4 {[%clk 1:30:57]} Nf6 {[%clk 1:30:55]} 2. Nf3 {[%clk 1:31:13]} g6 {[%clk
1:30:26]} 3. c4 {[%clk 1:31:14]} Bg7 {[%clk 1:30:45]} 4. Nc3 {[%clk 1:31:29]} d5
{[%clk 1:30:49]} 5. Qb3 {[%clk 1:30:13]} dxc4 {[%clk 1:27:04]} 6. Qxc4 {[%clk
1:30:35]} O-O {[%clk 1:27:30]} 7. Bf4 {[%clk 1:30:42]} Be6 {[%clk 0:57:08]} 8.
Qb5 {[%clk 1:16:55]} Nc6 {[%clk 0:45:43]} 9. e3 {[%clk 1:01:25]} Qd7 {[%clk
0:25:26]} 10. Bc4 {[%clk 0:41:29]} a6 {[%clk 0:15:26]} 11. Bxe6 {[%clk 0:41:33]}
Qxe6 {[%clk 0:14:02]} 12. Qe2 {[%clk 0:30:03]} Ne4 {[%clk 0:04:29]} 13. O-O
{[%clk 0:27:52]} Rac8 {[%clk 0:04:21]} 14. Rfc1 {[%clk 0:22:56]} Nxc3 {[%clk
0:02:37]} 15. bxc3 {[%clk 0:21:52]} b5 {[%clk 0:01:15]} 16. a4 {[%clk 0:16:15]}
Na5 {[%clk 0:01:40]} 17. Nd2 {[%clk 0:16:04]} Qb6 {[%clk 0:01:39]} 18. axb5
{[%clk 0:11:46]} axb5 {[%clk 0:02:08]} 19. Rcb1 {[%clk 0:11:41]} c6 {[%clk
0:02:20]} 20. c4 {[%clk 0:11:10]} e5 {[%clk 0:02:23]} 21. dxe5 {[%clk 0:10:39]}
b4 {[%clk 0:02:46]} 22. c5 {[%clk 0:07:02]} Qxc5 {[%clk 0:02:53]} 23. Ne4 {[%clk
0:06:25]} Qb6 {[%clk 0:02:58]} 24. Nd6 {[%clk 0:04:18]} Rb8 {[%clk 0:01:02]} 25.
Qa2 {[%clk 0:04:12]} Nb7 {[%clk 0:01:15]} 26. Nc4 {[%clk 0:02:28]} Qb5 {[%clk
0:01:41]} 27. Qa7 {[%clk 0:02:33]} Qxc4 {[%clk 0:01:58]} 28. e6 {[%clk 0:02:56]}
Bxa1 {[%clk 0:01:53]} 29. Bxb8 {[%clk 0:03:21]} Bc3 {[%clk 0:00:55]} 30. e7
{[%clk 0:03:23]} Re8 {[%clk 0:01:21]} 31. Qxb7 {[%clk 0:03:51]} Qe4 {[%clk
0:01:42]} 32. Rd1 {[%clk 0:04:08]} Rxe7 {[%clk 0:01:53]} 33. Qb6 {[%clk 0:04:00]}
Kg7 {[%clk 0:01:43]} 34. h3 {[%clk 0:04:23]} Re6 {[%clk 0:00:59]} 35. Bf4 {[%clk
0:04:14]} h5 {[%clk 0:01:01]} 36. Qc5 {[%clk 0:03:02]} Qf5 {[%clk 0:01:12]} 37.
Qc4 {[%clk 0:01:59]} Qe4 {[%clk 0:00:42]} 38. Qa6 {[%clk 0:02:01]} c5 {[%clk
0:01:01]} 39. Qc8 {[%clk 0:02:17]} Qc6 {[%clk 0:01:26]} 40. Qb8 {[%clk 0:02:26]}
Re8 {[%clk 0:01:49]} 41. Qa7 {[%clk 0:02:10]} Ra8 {[%clk 0:01:26]} 42. Qe7 {[%clk
0:02:17]} Re8 {[%clk 0:01:36]} 43. Qa7 {[%clk 0:02:40]} Ra8 {[%clk 0:29:18]} 44.
Qe7 {[%clk 0:34:00]} Bf6 {[%clk 0:29:39]} 45. Be5 {[%clk 0:34:07]} Bxe5 {[%clk
0:23:04]} 46. Qxe5+ {[%clk 0:34:30]} Qf6 {[%clk 0:22:12]} 47. Qxc5 {[%clk
0:34:53]} Ra1 {[%clk 0:22:07]} 48. Rxa1 {[%clk 0:34:15]} Qxa1+ {[%clk 0:22:36]}
49. Kh2 {[%clk 0:34:36]} b3 {[%clk 0:22:18]} 50. e4 {[%clk 0:34:51]} b2 {[%clk
0:22:14]} 51. Qe5+ {[%clk 0:34:43]} Kh7 {[%clk 0:22:22]} 52. Qd5 {[%clk 0:35:06]}
b1Q {[%clk 0:22:33]} 0-1

[Event "8th Arber Open"]
[Site "chess24.com"]
[Date "2019.08.02"]
[Round "7"]
[White "Bielmeier, Ludwig"]
[Black "Heiduk, Christoph"]
[Result "1-0"]
[Board "17"]
[WhiteElo "2083"]
[WhiteCountry "GER"]
[WhiteFideId "4637984"]
[WhiteEloChange "5"]
[BlackElo "1870"]
[BlackCountry "GER"]
[BlackFideId "12924520"]
[BlackEloChange "-5"]

1. Nf3 {[%clk 1:27:24]} d5 {[%clk 1:30:41]} 2. c4 {[%clk 1:27:31]} e6 {[%clk
1:30:51]} 3. g3 {[%clk 1:27:20]} Nf6 {[%clk 1:31:03]} 4. Bg2 {[%clk 1:27:50]} Be7
{[%clk 1:31:14]} 5. O-O {[%clk 1:27:58]} O-O {[%clk 1:31:39]} 6. Qc2 {[%clk
1:27:16]} c5 {[%clk 1:28:26]} 7. d4 {[%clk 1:23:46]} b6 {[%clk 1:20:26]} 8. Nc3
{[%clk 1:16:59]} Bb7 {[%clk 1:09:38]} 9. cxd5 {[%clk 1:14:12]} cxd4 {[%clk
1:06:40]} 10. Nxd4 {[%clk 1:01:32]} Nxd5 {[%clk 1:04:44]} 11. Nxd5 {[%clk
0:56:37]} Bxd5 {[%clk 1:03:25]} 12. e4 {[%clk 0:55:01]} Bb7 {[%clk 1:03:10]} 13.
Rd1 {[%clk 0:54:15]} Qc8 {[%clk 0:59:53]} 14. Qe2 {[%clk 0:52:03]} Nc6 {[%clk
0:58:20]} 15. Nb5 {[%clk 0:47:32]} Rd8 {[%clk 0:45:49]} 16. Be3 {[%clk 0:45:47]}
e5 {[%clk 0:37:38]} 17. Rxd8+ {[%clk 0:42:21]} Qxd8 {[%clk 0:37:33]} 18. Rd1
{[%clk 0:42:26]} Qf8 {[%clk 0:37:02]} 19. Nc7 {[%clk 0:40:22]} Rd8 {[%clk
0:35:06]} 20. Nd5 {[%clk 0:40:32]} Bc5 {[%clk 0:35:04]} 21. h4 {[%clk 0:17:09]}
Qd6 {[%clk 0:23:34]} 22. Bg5 {[%clk 0:15:14]} Nd4 {[%clk 0:22:04]} 23. Qh5 {[%clk
0:11:52]} Re8 {[%clk 0:18:15]} 24. Rd2 {[%clk 0:10:04]} Qg6 {[%clk 0:15:46]} 25.
Qd1 {[%clk 0:10:05]} a5 {[%clk 0:13:32]} 26. a3 {[%clk 0:09:51]} Qd6 {[%clk
0:13:17]} 27. Kh2 {[%clk 0:08:57]} b5 {[%clk 0:11:18]} 28. Ne3 {[%clk 0:06:40]}
Qb6 {[%clk 0:10:51]} 29. Nd5 {[%clk 0:06:31]} Qd6 {[%clk 0:11:20]} 30. Be3 {[%clk
0:06:24]} Kh8 {[%clk 0:07:18]} 31. f4 {[%clk 0:06:14]} f6 {[%clk 0:07:21]} 32.
fxe5 {[%clk 0:05:57]} fxe5 {[%clk 0:07:46]} 33. Qh5 {[%clk 0:05:57]} Qg6 {[%clk
0:06:41]} 34. Qxg6 {[%clk 0:05:22]} hxg6 {[%clk 0:07:10]} 35. Nc7 {[%clk
0:05:33]} Rb8 {[%clk 0:06:02]} 36. Nxb5 {[%clk 0:04:47]} Rf8 {[%clk 0:04:40]} 37.
Nxd4 {[%clk 0:03:47]} exd4 {[%clk 0:04:19]} 38. Bxd4 {[%clk 0:04:04]} Bxd4 {[%clk
0:04:30]} 39. Rxd4 {[%clk 0:04:23]} Rf2 {[%clk 0:04:46]} 40. b4 {[%clk 0:02:21]}
axb4 {[%clk 0:04:54]} 41. axb4 {[%clk 0:01:27]} Rb2 {[%clk 0:05:04]} 42. Kg1
{[%clk 0:30:58]} Kh7 {[%clk 0:33:54]} 43. Bf1 {[%clk 0:28:58]} Rb1 {[%clk
0:33:43]} 44. Kf2 {[%clk 0:29:05]} Rb2+ {[%clk 0:33:58]} 45. Ke3 {[%clk 0:28:53]}
Rb3+ {[%clk 0:33:58]} 46. Bd3 {[%clk 0:28:38]} Ba6 {[%clk 0:33:40]} 47. e5 {[%clk
0:27:17]} Bxd3 {[%clk 0:33:38]} 48. Rxd3 {[%clk 0:27:37]} Rxb4 {[%clk 0:34:04]}
49. Rd4 {[%clk 0:27:44]} Rb3+ {[%clk 0:33:55]} 50. Kf4 {[%clk 0:27:43]} Kg8
{[%clk 0:34:01]} 51. g4 {[%clk 0:26:56]} Rb5 {[%clk 0:33:36]} 52. Re4 {[%clk
0:20:53]} Kf7 {[%clk 0:32:56]} 53. Ra4 {[%clk 0:20:05]} Rb7 {[%clk 0:32:04]} 54.
Kg5 {[%clk 0:19:26]} Rb5 {[%clk 0:32:03]} 55. Ra7+ {[%clk 0:18:32]} Kf8 {[%clk
0:32:25]} 56. Kxg6 {[%clk 0:18:08]} Rxe5 {[%clk 0:32:50]} 57. Ra8+ {[%clk
0:18:07]} Ke7 {[%clk 0:33:08]} 58. g5 {[%clk 0:17:49]} 1-0

[Event "8th Arber Open"]
[Site "chess24.com"]
[Date "2019.08.02"]
[Round "7"]
[White "Hoffmann, Tim"]
[Black "Kneutgen, Alexander"]
[Result "1-0"]
[Board "19"]
[WhiteElo "2147"]
[WhiteCountry "GER"]
[WhiteFideId "12900338"]
[WhiteEloChange "4"]
[BlackElo "1920"]
[BlackCountry "GER"]
[BlackFideId "4637364"]
[BlackEloChange "-4"]

1. e4 {[%clk 1:30:57]} e6 {[%clk 1:30:50]} 2. d4 {[%clk 1:31:14]} d5 {[%clk
1:31:09]} 3. Nd2 {[%clk 1:31:35]} h6 {[%clk 1:30:46]} 4. e5 {[%clk 1:26:30]} Qd7
{[%clk 1:18:25]} 5. f4 {[%clk 1:18:54]} b6 {[%clk 1:16:28]} 6. c3 {[%clk
1:15:44]} Ba6 {[%clk 1:15:23]} 7. Ne2 {[%clk 1:06:17]} c5 {[%clk 1:13:34]} 8. Nf3
{[%clk 1:05:56]} Nc6 {[%clk 1:11:20]} 9. Be3 {[%clk 1:01:52]} Rc8 {[%clk
1:02:33]} 10. g4 {[%clk 0:56:51]} cxd4 {[%clk 0:59:55]} 11. Nexd4 {[%clk
0:55:01]} Bxf1 {[%clk 1:00:06]} 12. Rxf1 {[%clk 0:55:03]} Bc5 {[%clk 0:54:19]}
13. Qd3 {[%clk 0:54:00]} Nxd4 {[%clk 0:53:38]} 14. cxd4 {[%clk 0:50:10]} Bb4+
{[%clk 0:51:59]} 15. Kf2 {[%clk 0:50:03]} b5 {[%clk 0:47:28]} 16. Rfc1 {[%clk
0:40:04]} Rxc1 {[%clk 0:43:03]} 17. Rxc1 {[%clk 0:40:30]} Ne7 {[%clk 0:43:15]}
18. Qc2 {[%clk 0:24:37]} Ba5 {[%clk 0:42:17]} 19. Bd2 {[%clk 0:23:10]} Bxd2
{[%clk 0:34:38]} 20. Nxd2 {[%clk 0:23:29]} h5 {[%clk 0:33:50]} 21. h3 {[%clk
0:21:45]} O-O {[%clk 0:30:38]} 22. Qc7 {[%clk 0:21:33]} Rd8 {[%clk 0:29:50]} 23.
Nb3 {[%clk 0:20:09]} hxg4 {[%clk 0:19:29]} 24. hxg4 {[%clk 0:20:28]} g6 {[%clk
0:18:58]} 25. Qc3 {[%clk 0:17:02]} Rc8 {[%clk 0:14:32]} 26. Nc5 {[%clk 0:17:19]}
Qd8 {[%clk 0:14:19]} 27. Rh1 {[%clk 0:16:32]} Qf8 {[%clk 0:10:29]} 28. Nd7 {[%clk
0:13:01]} Qg7 {[%clk 0:08:38]} 29. Qa3 {[%clk 0:11:07]} 1-0

[Event "8th Arber Open"]
[Site "chess24.com"]
[Date "2019.08.02"]
[Round "7"]
[White "Gruettner, Ralf"]
[Black "Liebold, Aaron"]
[Result "1-0"]
[Board "21"]
[WhiteElo "2118"]
[WhiteCountry "GER"]
[WhiteFideId "4638158"]
[WhiteEloChange "5"]
[BlackElo "1944"]
[BlackCountry "GER"]
[BlackFideId "12997846"]
[BlackEloChange "-5"]

1. d4 {[%clk 1:30:59]} Nf6 {[%clk 1:30:52]} 2. c4 {[%clk 1:31:25]} e6 {[%clk
1:31:12]} 3. Nc3 {[%clk 1:31:53]} Bb4 {[%clk 1:31:25]} 4. Qc2 {[%clk 1:32:19]} d5
{[%clk 1:30:07]} 5. cxd5 {[%clk 1:32:40]} exd5 {[%clk 1:30:14]} 6. Bg5 {[%clk
1:31:26]} O-O {[%clk 1:30:18]} 7. a3 {[%clk 1:30:21]} Be7 {[%clk 1:30:32]} 8. e3
{[%clk 1:30:00]} h6 {[%clk 1:26:34]} 9. Bf4 {[%clk 1:25:20]} c6 {[%clk 1:22:45]}
10. h3 {[%clk 1:25:02]} Bd6 {[%clk 1:18:08]} 11. Bxd6 {[%clk 1:23:22]} Qxd6
{[%clk 1:17:28]} 12. Bd3 {[%clk 1:23:12]} b6 {[%clk 1:16:30]} 13. Nf3 {[%clk
1:03:17]} Ba6 {[%clk 1:14:24]} 14. O-O {[%clk 0:59:32]} Bxd3 {[%clk 1:14:21]} 15.
Qxd3 {[%clk 1:00:00]} Nbd7 {[%clk 1:14:41]} 16. Rfd1 {[%clk 0:59:13]} Rfe8 {[%clk
1:13:51]} 17. Nd2 {[%clk 0:56:29]} Rac8 {[%clk 1:11:03]} 18. Rac1 {[%clk
0:52:36]} Qe7 {[%clk 1:05:25]} 19. Rc2 {[%clk 0:29:55]} Nf8 {[%clk 0:59:52]} 20.
Rdc1 {[%clk 0:28:54]} Ne6 {[%clk 1:00:00]} 21. Nf3 {[%clk 0:27:25]} Red8 {[%clk
0:57:28]} 22. b4 {[%clk 0:22:32]} c5 {[%clk 0:53:25]} 23. dxc5 {[%clk 0:22:10]}
bxc5 {[%clk 0:53:34]} 24. bxc5 {[%clk 0:20:59]} Rxc5 {[%clk 0:53:24]} 25. Ne2
{[%clk 0:16:35]} Rdc8 {[%clk 0:51:53]} 26. Nfd4 {[%clk 0:13:52]} Nxd4 {[%clk
0:40:16]} 27. Nxd4 {[%clk 0:14:20]} Rxc2 {[%clk 0:40:00]} 28. Rxc2 {[%clk
0:14:49]} Rxc2 {[%clk 0:40:24]} 29. Nxc2 {[%clk 0:14:48]} Qc5 {[%clk 0:40:47]}
30. Qb3 {[%clk 0:08:20]} Ne4 {[%clk 0:37:20]} 31. f3 {[%clk 0:06:38]} Nd6 {[%clk
0:35:37]} 32. Kf2 {[%clk 0:04:54]} Kf8 {[%clk 0:32:29]} 33. Nd4 {[%clk 0:02:50]}
Ke7 {[%clk 0:31:13]} 34. Qb4 {[%clk 0:01:11]} Qb6 {[%clk 0:22:56]} 35. Nf5+
{[%clk 0:00:53]} Kd7 {[%clk 0:23:21]} 36. Nxd6 {[%clk 0:01:14]} Qxd6 {[%clk
0:23:40]} 37. Qb7+ {[%clk 0:01:37]} Ke6 {[%clk 0:23:11]} 38. Qxa7 {[%clk
0:02:02]} Qc6 {[%clk 0:23:24]} 39. Qd4 {[%clk 0:01:10]} f6 {[%clk 0:17:57]} 40.
a4 {[%clk 0:01:24]} Qc2+ {[%clk 0:17:11]} 41. Kg3 {[%clk 0:01:34]} g5 {[%clk
0:17:05]} 42. Qb6+ {[%clk 0:21:52]} Kf5 {[%clk 0:45:22]} 43. a5 {[%clk 0:21:38]}
h5 {[%clk 0:40:31]} 44. a6 {[%clk 0:17:47]} g4 {[%clk 0:33:31]} 45. hxg4+ {[%clk
0:14:17]} hxg4 {[%clk 0:31:39]} 46. fxg4+ {[%clk 0:14:02]} Kg5 {[%clk 0:31:55]}
47. Qd4 {[%clk 0:13:45]} Qe2 {[%clk 0:31:13]} 48. Qf4+ {[%clk 0:07:11]} Kg6
{[%clk 0:31:38]} 49. a7 {[%clk 0:06:25]} Qe1+ {[%clk 0:31:48]} 50. Qf2 {[%clk
0:06:45]} Qa5 {[%clk 0:31:24]} 51. Qf5+ {[%clk 0:05:59]} Kg7 {[%clk 0:31:28]} 52.
g5 {[%clk 0:04:43]} fxg5 {[%clk 0:28:01]} 53. Qxg5+ {[%clk 0:04:34]} Kh7 {[%clk
0:27:43]} 54. Qe7+ {[%clk 0:04:49]} Kg6 {[%clk 0:27:55]} 55. Qe8+ {[%clk
0:04:45]} Kg5 {[%clk 0:28:14]} 56. Qg8+ {[%clk 0:05:01]} Kf5 {[%clk 0:28:09]} 57.
Qf8+ {[%clk 0:05:08]} Kg5 {[%clk 0:27:51]} 58. a8Q {[%clk 0:05:07]} 1-0

[Event "8th Arber Open"]
[Site "chess24.com"]
[Date "2019.08.02"]
[Round "7"]
[White "Fuchs, Michael"]
[Black "Weisheit, Erik"]
[Result "1-0"]
[Board "23"]
[WhiteElo "2114"]
[WhiteCountry "GER"]
[WhiteFideId "4693949"]
[WhiteEloChange "4"]
[BlackElo "1862"]
[BlackCountry "GER"]
[BlackFideId "12981702"]
[BlackEloChange "-4"]

1. e4 {[%clk 1:30:57]} c5 {[%clk 1:22:57]} 2. Be2 {[%clk 1:30:56]} Nc6 {[%clk
1:22:38]} 3. f4 {[%clk 1:31:21]} e5 {[%clk 1:17:42]} 4. d3 {[%clk 1:28:33]} g6
{[%clk 1:17:06]} 5. Nf3 {[%clk 1:28:42]} d6 {[%clk 1:16:52]} 6. O-O {[%clk
1:27:32]} Bg7 {[%clk 1:15:22]} 7. c3 {[%clk 1:27:47]} Nge7 {[%clk 1:13:52]} 8.
Na3 {[%clk 1:26:25]} O-O {[%clk 1:12:06]} 9. Nc2 {[%clk 1:25:16]} d5 {[%clk
1:09:59]} 10. Nxe5 {[%clk 1:19:03]} Nxe5 {[%clk 1:09:41]} 11. fxe5 {[%clk
1:19:29]} d4 {[%clk 1:02:25]} 12. cxd4 {[%clk 1:18:38]} cxd4 {[%clk 1:02:48]} 13.
Bf4 {[%clk 1:17:30]} Nc6 {[%clk 1:02:49]} 14. Qe1 {[%clk 1:14:14]} Qb6 {[%clk
0:58:41]} 15. b3 {[%clk 1:13:08]} Bxe5 {[%clk 0:53:29]} 16. Bh6 {[%clk 1:01:32]}
Bg7 {[%clk 0:53:43]} 17. Bxg7 {[%clk 1:00:02]} Kxg7 {[%clk 0:54:07]} 18. Qh4
{[%clk 1:00:08]} Be6 {[%clk 0:50:43]} 19. Qf6+ {[%clk 1:00:02]} Kg8 {[%clk
0:51:09]} 20. h4 {[%clk 0:57:39]} Rac8 {[%clk 0:41:09]} 21. Rac1 {[%clk 0:55:23]}
Qd8 {[%clk 0:39:54]} 22. Qf2 {[%clk 0:55:11]} f5 {[%clk 0:39:13]} 23. exf5 {[%clk
0:53:18]} Rxf5 {[%clk 0:35:56]} 24. Qg3 {[%clk 0:52:03]} Rxf1+ {[%clk 0:35:05]}
25. Rxf1 {[%clk 0:51:05]} Qd5 {[%clk 0:28:22]} 26. h5 {[%clk 0:42:20]} Kg7 {[%clk
0:21:24]} 27. Qf4 {[%clk 0:39:07]} Qe5 {[%clk 0:16:35]} 28. Qxe5+ {[%clk
0:34:21]} Nxe5 {[%clk 0:16:56]} 29. Nxd4 {[%clk 0:34:47]} Bd5 {[%clk 0:16:43]}
30. hxg6 {[%clk 0:34:33]} hxg6 {[%clk 0:17:04]} 31. Nf3 {[%clk 0:25:31]} Rc2
{[%clk 0:13:35]} 32. Re1 {[%clk 0:25:00]} Bxf3 {[%clk 0:12:03]} 33. Bxf3 {[%clk
0:25:06]} 1-0

[Event "8th Arber Open"]
[Site "chess24.com"]
[Date "2019.08.02"]
[Round "7"]
[White "Jergler, Karl-Heinz"]
[Black "Vanhee, Lars"]
[Result "1-0"]
[Board "24"]
[WhiteElo "2094"]
[WhiteCountry "GER"]
[WhiteFideId "4644735"]
[WhiteEloChange "5"]
[BlackElo "1895"]
[BlackCountry "BEL"]
[BlackFideId "245453"]
[BlackEloChange "-5"]

1. e4 {[%clk 1:30:56]} c6 {[%clk 1:30:54]} 2. d4 {[%clk 1:31:22]} d5 {[%clk
1:31:19]} 3. e5 {[%clk 1:31:51]} Bf5 {[%clk 1:31:43]} 4. Nf3 {[%clk 1:32:17]} e6
{[%clk 1:32:06]} 5. Be2 {[%clk 1:32:43]} c5 {[%clk 1:29:38]} 6. c3 {[%clk
1:31:58]} Nc6 {[%clk 1:28:52]} 7. O-O {[%clk 1:32:22]} cxd4 {[%clk 1:28:45]} 8.
Nxd4 {[%clk 1:32:46]} Nge7 {[%clk 1:18:37]} 9. Nxf5 {[%clk 1:24:39]} Nxf5 {[%clk
1:18:12]} 10. Bd3 {[%clk 1:24:41]} Nh4 {[%clk 1:11:05]} 11. Re1 {[%clk 1:18:20]}
Be7 {[%clk 1:09:09]} 12. Nd2 {[%clk 1:17:12]} Qc7 {[%clk 1:05:48]} 13. Qe2 {[%clk
1:09:28]} O-O {[%clk 1:00:24]} 14. g3 {[%clk 1:04:30]} Ng6 {[%clk 1:00:07]} 15.
Nf3 {[%clk 1:04:53]} Rac8 {[%clk 0:58:02]} 16. h4 {[%clk 1:03:10]} Rfd8 {[%clk
0:50:03]} 17. Bd2 {[%clk 0:57:13]} a6 {[%clk 0:48:00]} 18. Rac1 {[%clk 0:48:03]}
Rd7 {[%clk 0:44:01]} 19. Kg2 {[%clk 0:41:17]} Rdd8 {[%clk 0:36:36]} 20. Bb1
{[%clk 0:31:11]} b5 {[%clk 0:33:25]} 21. Bxg6 {[%clk 0:29:22]} hxg6 {[%clk
0:27:55]} 22. Nd4 {[%clk 0:28:11]} Nxd4 {[%clk 0:26:52]} 23. cxd4 {[%clk
0:27:39]} Qb7 {[%clk 0:25:54]} 24. h5 {[%clk 0:25:56]} Rxc1 {[%clk 0:23:49]} 25.
Rxc1 {[%clk 0:24:50]} gxh5 {[%clk 0:19:01]} 26. Qxh5 {[%clk 0:24:56]} f5 {[%clk
0:18:42]} 27. Rh1 {[%clk 0:20:12]} Qd7 {[%clk 0:17:23]} 28. Qg6 {[%clk 0:19:06]}
Bf8 {[%clk 0:14:29]} 29. Bg5 {[%clk 0:19:27]} Rc8 {[%clk 0:14:15]} 30. Rh6 {[%clk
0:16:08]} Rc6 {[%clk 0:11:27]} 31. Qh7+ {[%clk 0:13:44]} Kf7 {[%clk 0:11:56]} 32.
Rf6+ {[%clk 0:13:57]} Ke8 {[%clk 0:12:09]} 33. Qg6+ {[%clk 0:14:17]} Kd8 {[%clk
0:09:12]} 34. Rxf8+ {[%clk 0:14:33]} Kc7 {[%clk 0:09:37]} 35. Rf7 {[%clk
0:14:57]} 1-0